Hunter x Hunter Characters - Statistics

General Stats
  • This quiz has been taken 507 times
  • The average score is 3 of 6
Answer Stats
Hint Answer % Correct
Pink hair - Uses cards and is a Clown Hisoka
96%
Green head - King of the Chimera Ants Meruem
70%
White hair - Part of the Zoldyck Killua Zoldyck
61%
Black long hair - part of the Zoldyck Illumi Zoldyck
55%
Black hair - The Protagonist Gon Freecss
37%
Quite bald - Died in the Chimera Ant Arc Isaac Netero
27%
No matching quizzes found
Score Distribution
Percent of People with Each Score
Percentile by Number Answered
Your Score History
You have not taken this quiz